Z czary młodości : (Record no. 159822)

MARC details
000 -LEADER
campo de control de longitud fija 00962nam a22002535i 4500
001 - NÚMERO DE CONTROL
campo de control 159822
003 - IDENTIFICADOR DE NÚMERO DE CONTROL
campo de control ES-MaACL
005 - FECHA Y HORA DE LA ÚLTIMA TRANSACCIÓN
campo de control 20250712063132.0
008 - DATOS DE LONGITUD FIJA--INFORMACIÓN GENERAL
campo de control de longitud fija 040924s1893 pl |||| | pol d
040 ## - FUENTE DE CATALOGACIÓN
Centro catalogador/agencia de origen CAM
Lengua de catalogación spa
Centro/agencia transcriptor CAM
100 1# - ENTRADA PRINCIPAL--NOMBRE DE PERSONA
Nombre de persona Przesmycki, Zenon,
Fechas asociadas al nombre 1861-1944
Término indicativo de función/relación Autor
9 (RLIN) 241268
245 10 - MENCIÓN DEL TÍTULO
Título Z czary młodości :
Resto del título liryczny pamiętnik duszy (1881-1891) /
Mención de responsabilidad, etc. Miriam
260 ## - PUBLICACIÓN, DISTRIBUCIÓN, ETC.
Lugar de publicación, distribución, etc. Wiedeń ; Kraków :
Nombre del editor, distribuidor, etc. [s.n.],
Fecha de publicación, distribución, etc. 1893
Fabricante (Drukarni Zwiazkowej)
300 ## - DESCRIPCIÓN FÍSICA
Extensión 260, [6] páginas ;
Dimensiones 17 cm.
530 ## - NOTA DISPONIBLE DE FORMULARIO FÍSICO ADICIONAL
Nota de formato físico adicional disponible Disponible en formato digital
596 ## - NOTA AL PIE DE IMPRENTA
NOTA AL PIE DE IMPRENTA Pie de imp. tomado de colofón
655 #7 - TERMINO DE INDIZACIÓN--GENERO/FORMA
Fuente del término tgfbne
9 (RLIN) 176539
Datos o término principal de género/forma Poesías
752 ## - ENTRADA AGREGADA--NOMBRE JERÁRQUICO DEL LUGAR
País o entidad superior Polonia -
Ciudad Cracovia
852 ## - LOCALIZACIÓN
Ubicación ES-MaACL
Ubicación en estantería Depósito 2
Donativo/Legado Donativo Peiper
Número de control de estantería G-314
Encuadernación Holandesa
856 ## - LOCALIZACIÓN Y ACCESO ELECTRÓNICOS
Identificador Uniforme de Recursos <a href="https://kpbc.umk.pl/dlibra/publication/3444/edition/14306">https://kpbc.umk.pl/dlibra/publication/3444/edition/14306</a>
Texto de enlace Versión en línea
Nota pública (Biblioteka Cyfrowa Kujawsko-Pomorska)
942 ## - ELEMENTOS DE ENTRADA SECUNDARIOS (KOHA)
Fuente del sistema de clasificación o colocación Clasificación decimal universal
Tipo de ítem Koha Libro impreso antiguo
Suprimir en OPAC No
Holdings
Estatus retirado Estado de pérdida Fuente del sistema de clasificación o colocación Estado de daño No para préstamo Colección Biblioteca de origen Biblioteca actual Ubicación en estantería Fecha de adquisición Fuente de adquisición Total de préstamos Signatura topográfica completa Código de barras Visto por última vez Tipo de ítem Koha
    Clasificación decimal universal     Libros del s. XIX Biblioteca del Ateneo de Madrid Biblioteca del Ateneo de Madrid Depósito 2 17/01/2008 Donación   G-314 1167311 23/02/2023 Libro impreso antiguo